| Registos Bibliográficos associados ao registo de autoridade |
|
Etiqueta de registo: 00000nam 2200025 450 001 2288407 003 http://id.bnportugal.gov.pt/bib/catbnp/2288407 100 ## $a20260619d2025 k y0pory01030103ba 101 0# $aeng$dpor 102 ## $aPT 105 ## $aa m 000yy 106 ## $ar 200 1# $aKelpAbilities - from kelp ecosystem functions and vulnerabilities to its restoration$fBianca Reis$gorient. João Nuno Franco, Isabel Sousa-Pinto, Francisco Arenas 210 #9 $aPorto$c[s.n.],$d2025 215 ## $aXXIII, 333 p.$cil.$d30 cm 300 ## $aAcesso não autorizado por um período de 3 anos 328 #1 $aTese dout. Biology, Faculdade de Ciências, Universidade do Porto, 2025 700 #1 $aReis,$bBianca$32001163 702 #1 $aFranco,$bJoão Nuno dos Reis$4727$31719977 702 #1 $aSousa-Pinto,$bIsabel$4727$32001165 702 #1 $aParra,$bFrancisco Arenas$4727$31530142 801 #0 $aPT$bBN$gRPC 966 ## $lBN$mFGMON$x1 971 ## $corlando$d20260619
|
|
|